MARC details
| 000 -LEADER |
| fixed length control field |
02067cam a2200361 a 4500 |
| 001 - CONTROL NUMBER |
| control field |
7755 |
| 003 - CONTROL NUMBER IDENTIFIER |
| control field |
BD-DhEWU |
| 005 - DATE AND TIME OF LATEST TRANSACTION |
| control field |
20141203111322.0 |
| 008 - FIXED-LENGTH DATA ELEMENTS--GENERAL INFORMATION |
| fixed length control field |
911030s1992 nyua g b 001 0 eng d |
| 020 ## - INTERNATIONAL STANDARD BOOK NUMBER |
| International Standard Book Number |
0471532266 |
|
| International Standard Book Number |
0471119830 |
| 035 ## - SYSTEM CONTROL NUMBER |
| System control number |
(OCoLC)24847768 |
| 040 ## - CATALOGING SOURCE |
| Original cataloging agency |
DLC |
| Transcribing agency |
DLC |
| Modifying agency |
DLC |
| -- |
BD-DhEWU |
| Language of cataloging |
eng |
| 041 ## - LANGUAGE CODE |
| Language code of text/sound track or separate title |
eng |
| 050 00 - LIBRARY OF CONGRESS CALL NUMBER |
| Classification number |
HG4026 |
| Item number |
.P665 1992 |
| 082 00 - DEWEY DECIMAL CLASSIFICATION NUMBER |
| Classification number |
658.15 |
| Item number |
LIP 1992 |
| 245 04 - TITLE STATEMENT |
| Title |
The Portable MBA in finance and accounting / |
| Statement of responsibility, etc |
[edited by] John Leslie Livingstone. |
| 260 ## - PUBLICATION, DISTRIBUTION, ETC. (IMPRINT) |
| Place of publication, distribution, etc |
New York : |
| Name of publisher, distributor, etc |
Wiley, |
| Date of publication, distribution, etc |
1992. |
| 300 ## - PHYSICAL DESCRIPTION |
| Extent |
xi, 524 p. : |
| Other physical details |
ill. ; |
| Dimensions |
26 cm. |
| 440 #0 - SERIES STATEMENT/ADDED ENTRY--TITLE |
| Title |
Portable MBA series |
| 9 (RLIN) |
18856 |
| 500 ## - GENERAL NOTE |
| General note |
Online version:<br/>Portable MBA in finance and accounting.<br/>New York : Wiley, 1992<br/>(OCoLC)755136422 |
| 504 ## - BIBLIOGRAPHY, ETC. NOTE |
| Bibliography, etc |
Includes bibliographical references and index. |
| 505 ## - FORMATTED CONTENTS NOTE |
| Title |
TOC |
| Formatted contents note |
Understanding and analyzing financial statements --<br/>Cost-profit-volume analysis --<br/>Activity-based costing --<br/>Using the computer in finance and accounting --<br/>Budgetary control analysis: techniques for measuring productivity --<br/>Choosing a business form: to incorporate or not to incorporate --<br/>The business plan: a step-by-step guide --<br/>Forecasts and budgets --<br/>Managing long-term investments: financial structure, cost of capital, and capital budgeting --<br/>Taxes and business decisions --<br/>The impact of globalization on management and financial reporting --<br/>Going public --<br/>Mergers and acquisitions: strategies for growth --<br/>Corporate governance: the Board of Directors --<br/>Bankruptcy. |
| 520 ## - SUMMARY, ETC. |
| Summary, etc |
Summary: <br/>Guide to using the basics in finance and accounting without the MBA program. Includes information on product pricing and financial forecasting. |
| 526 ## - STUDY PROGRAM INFORMATION NOTE |
| Program name |
BA |
| 590 ## - LOCAL NOTE (RLIN) |
| Local note |
Tahur Ahmed |
| 650 #0 - SUBJECT ADDED ENTRY--TOPICAL TERM |
| Topical term or geographic name as entry element |
Business enterprises |
| General subdivision |
Finance. |
| 9 (RLIN) |
18853 |
|
| Topical term or geographic name as entry element |
Accounting. |
| 9 (RLIN) |
18854 |
| 700 1# - ADDED ENTRY--PERSONAL NAME |
| Personal name |
Livingstone, John Leslie. |
| 9 (RLIN) |
18855 |
| 856 42 - ELECTRONIC LOCATION AND ACCESS |
| Materials specified |
WorldCat details |
| Uniform Resource Identifier |
http://www.worldcat.org/title/portable-mba-in-finance-and-accounting/oclc/24847768&referer=brief_results |
| 942 ## - ADDED ENTRY ELEMENTS (KOHA) |
| Source of classification or shelving scheme |
Dewey Decimal Classification |
| Koha item type |
Text |